Physical Medicine and rehabilitation secrets / (Record no. 121493)

MARC details
000 -LEADER
fixed length control field 01021nam a2200289 a 4500
003 - CONTROL NUMBER IDENTIFIER
control field OSt
005 - DATE AND TIME OF LATEST TRANSACTION
control field 20250219133832.0
008 - FIXED-LENGTH DATA ELEMENTS--GENERAL INFORMATION
fixed length control field
020 ## - INTERNATIONAL STANDARD BOOK NUMBER
International Standard Book Number 9781416032052 (Paperback)
040 ## - CATALOGING SOURCE
Original cataloging agency NUST
Transcribing agency NUST
Language of cataloging ENG
Modifying agency NUST
Description conventions rda
100 1# - MAIN ENTRY--PERSONAL NAME
Personal name O'Young, Bryan J.
Relator term Author
245 10 - TITLE STATEMENT
Title Physical Medicine and rehabilitation secrets /
Statement of responsibility, etc. Bryan J.O'Young, Mark A. Young and Stevens A. Stiens
250 ## - EDITION STATEMENT
Edition statement Third Edition
260 ## - PUBLICATION, DISTRIBUTION, ETC.
Place of publication, distribution, etc. Philadelphia :
Name of publisher, distributor, etc. Mosby ,
Date of publication, distribution, etc. 2008
300 ## - PHYSICAL DESCRIPTION
Extent xlvi, 748 pages :
Other physical details illustrated ;
Dimensions 23 cm
336 ## - CONTENT TYPE
Content type term text
Content type code txt
Source rdacontent
337 ## - MEDIA TYPE
Media type term unmediated
Media type code n
Source rdamedia
338 ## - CARRIER TYPE
Carrier type term volume
Carrier type code nc
Source rdacarrier
504 ## - BIBLIOGRAPHY, ETC. NOTE
Bibliography, etc. note Includes bibliographical references and Index.
650 #1 - SUBJECT ADDED ENTRY--TOPICAL TERM
Topical term or geographic name entry element Physical Medicine
General subdivision Examination Questions
650 ## - SUBJECT ADDED ENTRY--TOPICAL TERM
Topical term or geographic name entry element Rehabilitation
General subdivision Examination Question
700 ## - ADDED ENTRY--PERSONAL NAME
Personal name Young, Mark A.
Relator term Author
700 ## - ADDED ENTRY--PERSONAL NAME
Personal name Young,A.Mark
Relator term Author
700 ## - ADDED ENTRY--PERSONAL NAME
Personal name Stiens,A.Steven
907 ## - LOCAL DATA ELEMENT G, LDG (RLIN)
a .b1041289x
b 18-11-21
c 18-11-21
942 ## - ADDED ENTRY ELEMENTS (KOHA)
Koha item type Ordinary Loan Books
Call number prefix RM701
Call number suffix OYO
Source of classification or shelving scheme
Holdings
Withdrawn status Lost status Source of classification or shelving scheme Damaged status Not for loan Collection Home library Current library Shelving location Date acquired Source of acquisition Cost, normal purchase price Total Checkouts Full call number Barcode Date last seen Cost, replacement price Price effective from Koha item type Public note Accession number
    LCC     NFIC MEDICAL MEDICAL GEN 01/20/2023 Book Aid International 57.76   RM701 OYU 92004048128 01/20/2023 57.76 01/20/2023 BOOKS Donation  
    LCC     NFIC MEDICAL MEDICAL GEN 02/19/2025 Book Aid International 57.76   RM701 OYU 92004054262 02/19/2025 57.76 02/19/2025 BOOKS Donation 62429